Most Common Google Searches - Statistics

General Stats
  • This quiz has been taken 83 times
  • The average score is 3 of 8
Answer Stats
Question Answer % Correct
Which of these American presidents has been searched for the most? Donald Trump
84%
Which of the seven wonders of the world has been searched for the most? Great Pyramid of Giza
81%
Which of these long words has appeared as a search term the most? Pneumonoultramicroscopicsilicovolcanoconiosis
48%
Which major world religion has been searched for the most? Islam
32%
Which of these small European countries has been searched for the most? Luxembourg
10%
Which web browser has been searched for the most? Firefox
3%
Which of these white male authors has been searched for the most? Niccolo Machiavelli
3%
Which of these colours has been searched for the most? Yellow
0%
No matching quizzes found
Score Distribution
Percent of People with Each Score
Percentile by Number Answered
Your Score History
You have not taken this quiz